| 000 | 01222cam a22003497a 4500 | ||
|---|---|---|---|
| 003 | CHAP | ||
| 005 | 20220329134458.0 | ||
| 008 | 971013s1964 r 00010 d | ||
| 010 | _a20955 | ||
| 011 | _a21927 | ||
| 035 | _a26018 | ||
| 040 | _cCHAP | ||
| 082 |
_a333.0952 _bD67Y |
||
| 100 | 0 | 0 |
_aDore, R. P. _934002 |
| 245 | 1 | 3 | _aLa reforma agraria en el Japón |
| 260 |
_aMéxico, D.F. : _bCentro Regional de Ayuda Técnica, _c1964 |
||
| 300 | _a502 p. | ||
| 500 | _aEd. por F.C.E. | ||
| 590 |
_aBATCH-UPD _b10 _c20130110 _lUCH01 _h2144 |
||
| 590 |
_aBATCH-UPD _b10 _c20130410 _lUCH01 _h1453 |
||
| 590 |
_aBATCH-UPD _b10 _c20130914 _lUCH01 _h1957 |
||
| 590 |
_aCONVERSION _b10 _c20130109 _lUCH01 _h1312 |
||
| 650 | 1 | 4 |
_aAgricultura _xAspectos economicos _xJapon. _91264 |
| 650 | 1 | 4 |
_aReforma Agraria _xJapón. _995560 |
| 650 | 1 | 4 |
_aTierras _xTenencia _xJapón. _9113177 |
| 901 | _aBK | ||
| 942 | _cLIBRO | ||
| 949 |
_a333.0952 D67Y _bBC _cLIBRO _d33724000323085 _eLIBRO _fc.4 _i26018 _mD _si |
||
| 949 |
_a333.0952 D67Y _bBC _cLIBRO _d33724000323093 _eLIBRO _fc.3 _i26018 _mD _si |
||
| 949 |
_a333.0952 D67Y _bBC _cLIBRO _d33724000323101 _eLIBRO _fc.2 _i26018 _mD _si |
||
| 949 |
_a333.0952 D67Y _bBC _cLIBRO _d33724000323119 _eLIBRO _i26018 _mD _si |
||
| 999 |
_c20955 _d20955 |
||